<?xml version="1.0" encoding="UTF-8"?>
<marc:record xmlns:marc="http://www.loc.gov/MARC21/slim">
   <marc:leader>00000nam a2200000 a 4500</marc:leader>
   <marc:datafield ind1="1" ind2=" " tag="100">
      <marc:subfield code="a">Wahrburg, Ursel</marc:subfield>
      <marc:subfield code="4">aut</marc:subfield>
      <marc:subfield code="e">Verfasser/-in</marc:subfield>
   </marc:datafield>
   <marc:datafield ind1="1" ind2=" " tag="100">
      <marc:subfield code="a">Egert, Sarah</marc:subfield>
      <marc:subfield code="4">aut</marc:subfield>
      <marc:subfield code="e">Verfasser/-in</marc:subfield>
   </marc:datafield>
   <marc:datafield ind1=" " ind2=" " tag="653">
      <marc:subfield code="a">Lebensmittel</marc:subfield>
   </marc:datafield>
   <marc:datafield ind1=" " ind2=" " tag="653">
      <marc:subfield code="a">Nährwert</marc:subfield>
   </marc:datafield>
   <marc:datafield ind1=" " ind2=" " tag="653">
      <marc:subfield code="a">Trinken/Gesunde Küche</marc:subfield>
   </marc:datafield>
   <marc:datafield ind1=" " ind2=" " tag="653">
      <marc:subfield code="a">Schlanke Küche</marc:subfield>
   </marc:datafield>
   <marc:datafield ind1=" " ind2=" " tag="653">
      <marc:subfield code="a">Tabelle</marc:subfield>
   </marc:datafield>
   <marc:datafield ind1="0" ind2="0" tag="245">
      <marc:subfield code="a">Die große Wahrburg-Egert-Kalorien-&amp;-Nährwerttabelle</marc:subfield>
   </marc:datafield>
   <marc:datafield ind1="0" ind2="0" tag="245">
      <marc:subfield code="b">erstmals auf einen Blick: mit den Nährwerten pro Portion &amp; pro 100 g</marc:subfield>
   </marc:datafield>
   <marc:datafield ind1="0" ind2="0" tag="245">
      <marc:subfield code="c">Ursel Wahrburg ; Sarah Egert</marc:subfield>
   </marc:datafield>
   <marc:datafield ind1=" " ind2="1" tag="264">
      <marc:subfield code="a">Stuttgart</marc:subfield>
      <marc:subfield code="b">TRIAS</marc:subfield>
      <marc:subfield code="c">2009</marc:subfield>
   </marc:datafield>
   <marc:datafield ind1="1" ind2=" " tag="520">
      <marc:subfield code="a">Angaben aus der Verlagsmeldung

Die große Wahrburg/Egert Kalorien- &amp; Nährwerttabelle : Erstmals auf einen Blick: Mit den Nährwerten pro Portion &amp; pro 100 g / von Ursel Wahrburg, Sarah Eggert

Umfangreiches Tabellenwerk für 9 Lebensmittelgruppen mit Ernährungslehre sowie Infos zur Ernährung bei Krankheiten.
Außerdem: Neue Trends bei der Ernährung – z.B. die Energiedichte
- Ausführliche Haupttabelle mit über 1.400 Lebensmitteln – enthält erstmalig die relevanten Werte „Kalorien pro 100 g“ und „pro Verzehrportion“ auf einen Blick.
- Wichtige Angaben zu Intoleranzen (Fructose, Laktose, Histamin?)
Prof. Dr. troph. Ursel Wahrburg ist Professorin für Ernährungswissenschaften an der FH Münster mit dem Schwerpunkt Ernährung und Prävention. Sie ist in ihrem Fachgebiet als Buchautorin und durch ihre rege Vortrags- und Weiterbildungstätigkeit bekannt.
Dr. oec. troph. Sarah Egert studierte bei Frau Wahrburg und arbeitet nun als wissenschaftliche Mitarbeiterin an der Universität Kiel.
</marc:subfield>
   </marc:datafield>
   <marc:datafield ind1=" " ind2=" " tag="020">
      <marc:subfield code="a">9783830434191</marc:subfield>
      <marc:subfield code="9">9783830434191</marc:subfield>
   </marc:datafield>
   <marc:datafield ind1=" " ind2=" " tag="041">
      <marc:subfield code="a">ger</marc:subfield>
   </marc:datafield>
   <marc:datafield ind1=" " ind2=" " tag="300">
      <marc:subfield code="a">181 S.</marc:subfield>
   </marc:datafield>
</marc:record>
